日本のセミ - Statistics

General Stats
  • This quiz has been taken 104 times
  • The average score is 6 of 36
Answer Stats
Answer % Correct
ミンミンゼミ
95%
アブラゼミ
94%
クマゼミ
75%
ヒグラシ
75%
ツクツクボウシ
68%
ニイニイゼミ
54%
エゾゼミ
25%
ハルゼミ
15%
エゾハルゼミ
15%
チッチゼミ
13%
コエゾゼミ
8%
リュウキュウアブラゼミ
7%
イワサキゼミ
7%
クロイワツクツク
6%
オガサワラゼミ
6%
イワサキクサゼミ
6%
クロイワニイニイ
5%
チョウセンケナガニイニイ
5%
アカエゾゼミ
5%
ヒメハルゼミ
5%
オオシマゼミ
5%
エゾチッチゼミ
5%
ヤエヤマニイニイ
3%
キュウシュウエゾゼミ
3%
タイワンヒグラシ
3%
ミヤコニイニイ
2%
ヤエヤマクマゼミ
2%
スジアカクマゼミ
2%
オキナワヒメハルゼミ
2%
ツマグロゼミ
2%
イシガキニイニイ
1%
ヤクシマエゾゼミ
1%
ダイトウヒメハルゼミ
1%
イワサキヒメハルゼミ
1%
イシガキヒグラシ
1%
クロイワゼミ
1%
No matching quizzes found
Score Distribution
Percent of People with Each Score
Percentile by Number Answered
Your Score History
You have not taken this quiz